Quizzes
Events
Quiz Creation
Community
Videos
Private Events
Remove Ads
Sign In
Join for FREE
Feedback
Dark Mode
Quiz Categories
Sports
Geography
Music
Movies
Television
Just For Fun
Miscellaneous
History
Literature
Language
Science
Gaming
Entertainment
Religion
Holiday
For Kids
Quiz Lab
Recent
Popular Today
Quiz Kudos Today
Editor Picks
Curator Picks
Quizzes by...
Day
Popularity
Type
Ratings
Length
Year
Community
Subscriptions
Recent Discussions
Orange Saloon
Badges
Playlists
Quests
Create
Leaderboards
Showdown
Live 5
Trivia Bingo
Activity
Puzzle Library
Sporcle Events
Private Events
Virtual Trivia
Globe League
Become a Host
Pub Owners
SporcleCon
Opinionation
Our Games
Videos
Blog
Mobile Apps
Partnerships
Remove Ads and Go Orange
Feedback
Just For Fun
Clickable
Get the Picture
Humor
Quick Pick
Word Ladder
Missing Word
Mixed Word
Blitz
Minefield
This or That
Alphabet
Color
Typing
Sporcle
Puzzle
Word Play
Follow That Line
Logic
Just For Fun
Clickable
Get the Picture
Humor
Quick Pick
Word Ladder
Missing Word
Mixed Word
Blitz
Minefield
This or That
Alphabet
Color
Typing
Sporcle
Puzzle
Word Play
Follow That Line
Logic
Random Quiz
Search Sporcle
×
Quiz Lab
Quiz Lab
Just For Fun
Guessing Game
Type in answers that appear in a list
Type in answers that appear in a list
Classic
Best Score? Go Orange.
Sporcling for Sporclers Stats
Can you name the things that only a true sporcler would think of guessing?
By
A_Trep
5m
13 Questions
164 Plays
164 Plays
164 Plays
Comments
Comments
Give Quiz Kudos
Give Quiz Kudos
-
- Ratings
hide this ad
More Info
Replay
Link that replays current quiz
Next Quiz
Link to next quiz in quiz playlist
You Got
0%
They Got
Avg Score
23%
Avg Friend Score
Upgrade to see
Score Distribution
Jump to the score distribution portion of the page
Score
0/13
Timer
05:00
0
Plays Today
Hint
Answer
% Correct
Sporcle's Favorite Countries
Kyrgyzstan
55.5%
Sporcle's Most Hated Bands/
Singers
Miley Cyrus
40.9%
Sporcle's Most Hated Bands/
Singers
Nickelback
39.6%
Sporcle's Most Hated Bands/
Singers
The Jonas Brothers
35.4%
Things Non-
US Sporclers Complain About
Number of Countries in the UK
34.1%
Sporcle's Favorite Countries
Kazakhstan
25%
Sporcle's Favorite Countries
Liechtenstein
18.9%
Things Non-
US Sporclers Complain About
Spelling
17.1%
Things Non-
US Sporclers Complain About
Too US-centric
15.2%
Sporcle's Favorite Countries
Papua New Guinea
11.6%
Sporcle's Favorite Countries
Côte d'Ivoire
8.5%
Things Non-
US Sporclers Complain About
American Sports
5.5%
Things Non-
US Sporclers Complain About
American Television
4.3%
Quiz Playlist
Details
Report
Send in Message
Add To Playlist
More Info:
This game was inspired by things commonly mentioned on Sporcle's message boards.
Classic:
Type in answers that appear in a list
Last Updated: Jul 31, 2017
Quiz Scoreboard
CHALLENGE
Sign Up to Join the Scoreboard
Show All
Scores
Hide
Comments
May contain spoilers
Recently Published
Movies - When Are They Set?
by FPL_Elf
Movies
5m
Popular People in 1961
by mucciniale
History
6m
1-10 Letter E Words III
by El_Dandy
Language
2m
More to Explore
Quiz From the Vault
Featured Blog Post
Where Did the Easter Bunny Come From?
hide this ad
You Might Also Like...
Tags
Guessing Game
Today's Top Quizzes in Just For Fun
Browse Just For Fun
hide this ad
Today's Top Quizzes in Guessing Game
Browse Guessing Game
Top Contributed Quizzes in Just For Fun
1
Harry Potter Logic - 'In Chains' II
2
Crossword Whiteout! 49
3
Survivor Winners Logic Puzzle
4
1-30 Clickable Mines
5
Harry Potter Logic Puzzle
6
one piece logic puzzle
7
Thermometer Puzzle 25
8
Zeroing In: Just For Fun
9
Word Ladder: Ahoy Matey
10
Aquarium Logic Puzzle 17
Explore More
Trending Topics
Harry Potter
Crossword
Marvel
NBA
Anime
Disney
Kpop
Soccer
Country
NFL
Song
WWE
The Office
Pokémon
Puzzle
hide this ad
More By:
A_Trep
Quiz
Plays
Rating
Category
Featured
Created
Word Ladder: Roundabout
23,568
4.22
Just For Fun
Jul 24, 2011
Recreational Drugs
2,749
3.25
Science
Feb 22, 2010
Coastal US States
1,669
3.89
Geography
Jul 5, 2012
00's Songs in Other Words
890
3.90
Music
Mar 18, 2010
Deutsch-Englisch Essen
553
4.50
Language
May 1, 2010
Go to Creator's Profile
Score Distribution
Quiz Creator Spotlight
A_Trep
Follow
Send a Message
Quizzes Created
-
Created Quiz Play Count
-
More By This Creator
Popular Quizzes Today
1
Find the Countries of Europe - No Outlines Minefield
2
Find the US States - No Outlines Minefield
3
The Countries of the World
4
Popular People in 1961
5
1-10 Letter E Words III
6
US States
7
Find the US States
8
One Thing in Common: World Cities II
More Just For Fun Quizzes
Word Ladder: Romney's Pick
Published
Trending Quizzes
Risky Map Clicking: Least Populous States A-Z
Humor Books: The Subtitles
1-10 Letter F Words
1-10 Letter G Words
One Thing in Common: United Kingdom
Recently Updated
Leaping Animals
pecheneg
Reality TV Shows (A-Z)
bhenderson79
Rickey Henderson's Hall of Fame Teammates
pecheneg
Champions League XIs: Arsenal
pecheneg
Quick Pick: Celebrities in WWE's Hall of Fame
aduchscher
A-Z Keypad Blitz II
pecheneg
Multiple Oscar Actors
pecheneg
Mystery Phrase Blitz: Oscar 'Best Actors'
pecheneg
F. Scott Fitzgerald Novels
LTH
Pick 3 Villains
ddd62291
Trending Topics
Marvel
Kpop
NBA
Disney
Anime
Harry Potter
Crossword
Country
Puzzle
Song
NFL
WWE
Pokémon
The Office
Soccer
Your Account Isn't Verified!
In order to create a playlist on Sporcle, you need to verify the email address you used during registration. Go to your
Sporcle Settings
to finish the process.
Report this User
Report this user for behavior that violates our
Community Guidelines
.
Details:
Send Report
Go to the Sporcle.com Mobile Site →
Comments